| 000 | 00000nas 2200000zi 4500 |
| 001 | 9.904843 |
| 003 | CaOODSP |
| 005 | 20231129100507 |
| 006 | m o d f |
| 007 | cr ||||||||||| |
| 008 | 211112c20199999oncar p o f0###a0eng|d |
| 040 | |aCaOODSP|beng|erda|cCaOODSP |
| 043 | |an-cn--- |
| 086 | 1 |aCC171-37E-PDF |
| 245 | 00|aDirectorate of Nuclear Substance Regulation regulatory oversight reports : |nPart I. |pUse of Nuclear Substances in Canada ... ; |nPart II. |pClass IB Accelerators in Canada ... |
| 246 | 14|aAnnual program report |
| 264 | 1|aOttawa, Ontario : |bCanadian Nuclear Safety Commission = Commission canadienne de sûreté nucléaire, |c2020- |
| 310 | |aAnnual |
| 336 | |atext|btxt|2rdacontent |
| 337 | |acomputer|bc|2rdamedia |
| 338 | |aonline resource|bcr|2rdacarrier |
| 362 | 1 |aBegan with 2019 and 2018-2019. |
| 500 | |aIssued also in French under title: Rapports de surveillance réglementaire de la Direction de la réglementation des substances nucléaires. |
| 588 | |aDescription based on: 2019 and 2018-2019. |
| 588 | |aLatest issue consulted: 2019 and 2018-2019. |
| 650 | 0|aRadioactive substances|zCanada|vPeriodicals. |
| 650 | 0|aNuclear industry|zCanada|zPeriodicals. |
| 655 | 7|aPeriodicals|2lcgft |
| 710 | 2 |aCanadian Nuclear Safety Commission, |eissuing body. |
| 775 | 08|tRapports de surveillance réglementaire de la Direction de la réglementation des substances nucléaires. |w(CaOODSP)9.904850 |
| 780 | 00|tRegulatory oversight report on the use of nuclear substances in Canada |w(CaOODSP)9.843446 |
| 780 | 00|tRegulatory oversight report for nuclear processing, small research reactor and class IB accelerator facilities |w(CaOODSP)9.836251 |
| 785 | 00|tRapports de surveillance réglementaire de la Direction de la réglementation des substances nucléaires. |w(CaOODSP)9.904850 |